La medecine arabe et l'Occident medieval
Αποθηκεύτηκε σε:
| Κύριος συγγραφέας: | |
|---|---|
| Άλλοι συγγραφείς: | |
| Μορφή: | Βιβλίο |
| Γλώσσα: | French |
| Δημοσίευση: |
Paris :
Maisonneuve et Larose,
1990
|
| Σειρά: | Collection Islam et Occident ;
; 7 |
| Θέματα: | |
| Ετικέτες: |
Προσθήκη ετικέτας
Δεν υπάρχουν, Καταχωρήστε ετικέτα πρώτοι!
|
MARC
| LEADER | 00000nam a2200000 i 4500 | ||
|---|---|---|---|
| 001 | 1/1959 | ||
| 008 | 950807s1990 fre d | ||
| 020 | |a 2-7068-1004-1 | ||
| 035 | |l 10014645 | ||
| 040 | |a GR-MY-UA |b gre |e aacr | ||
| 041 | 0 | |a fre | |
| 082 | 0 | |a 610.917617 | |
| 100 | 1 | |a Jacquart, Danielle. | |
| 245 | 1 | 3 | |a La medecine arabe et l'Occident medieval / |c Danielle Jacquart et Francoise Micheau |
| 260 | |a Paris : |b Maisonneuve et Larose, |c 1990 | ||
| 300 | |a 271 p., [8] σ. of plates; |b ill.; |c 21 cm | ||
| 490 | 1 | |a Collection Islam-Occident |v ; 7 | |
| 504 | |a Includes bibliographical references and indexes | ||
| 650 | 0 | 0 | |a Medicine, Arab |z Europe |x History. |
| 650 | 0 | 0 | |a Medicine, Medieval |z Arab countries |x History. |
| 700 | 0 | |a Micheau, Francoise. | |
| 830 | 0 | |a Collection Islam et Occident ; |v ; 7 | |
| 852 | |a INST |b LESVOS |e 19950807 |h 610.917617 JAC |p 005100007566 |q 005100007566 |t BK |y 0 | ||
| 909 | |a Λ |b 026146 | ||